PIERINO E IL LUPO (Record n. 106471)

Dettagli MARC
000 -LEADER
fixed length control field 01359agaaa2200277 4500
001 - CONTROL NUMBER
control field 6629
003 - CONTROL NUMBER IDENTIFIER
control field IT-RoPAU
005 - DATE AND TIME OF LATEST TRANSACTION
control field 20220918181246.0
007 - PHYSICAL DESCRIPTION FIXED FIELD--GENERAL INFORMATION
fixed length control field d cvaizq
008 - FIXED-LENGTH DATA ELEMENTS--GENERAL INFORMATION
fixed length control field 50131s9999||||xx ||| | || ||und||
040 ## - CATALOGING SOURCE
Original cataloging agency IT-RoPAU
Transcribing agency IT-RoPAU
100 ## - MAIN ENTRY--PERSONAL NAME
Personal name Prokofiev Sergiej
Miscellaneous information Codice regista SPICS: 11086
9 (RLIN) 47056
130 ## - MAIN ENTRY--UNIFORM TITLE
Uniform title PIERINO E IL LUPO
9 (RLIN) 47057
245 ## - TITLE STATEMENT
Title PIERINO E IL LUPO
Statement of responsibility, etc. Diretto da: Prokofiev Sergiej
Name of part/section of a work PIERINO E IL LUPO (Rif. Codice opera principale : C6629)
250 ## - EDITION STATEMENT
Edition statement Edizione Standard
260 ## - PUBLICATION, DISTRIBUTION, ETC. (IMPRINT)
Place of publication, distribution, etc. GERMANY (GERMANIA)
Name of publisher, distributor, etc. DEUTSCHE GRAMMOPHON /
Date of manufacture "1993 (1° ed.: 1993 ; Ed. Lingua Orig.: n.d.)"
300 ## - PHYSICAL DESCRIPTION
Extent VHS
Other physical details sonoro, col.
Dimensions 42 minuti
508 ## - CREATION/PRODUCTION CREDITS NOTE
Creation/production credits note "Musica: Prokofiev Sergiej; "
511 ## - PARTICIPANT OR PERFORMER NOTE
Participant or performer note "Narratore:Roberto; Benigni; Diretta; Da; Claudio; Abbado"
520 ## - SUMMARY, ETC.
Summary, etc. PIERINO E IL LUPO E' CONSIDERATO DA MOLTO TEMPO UN CLASSICO MA PRIMA D'ORANON AVEVA MAI POTUTO BENEFICIARE DI UN SUPPORTO VISIVO COSI' ORIGINALE E DIVERTENTE. ANATRA UBRIACONA, GATTO SOFISITCATO E SCHIZOFRENICO, UN TERRIFICANTE LUPO. THE CHAMBER ORCHESTRA OF EUROPE.
538 ## - SYSTEM DETAILS NOTE
System details note PAL, STEREO
650 ## - SUBJECT ADDED ENTRY--TOPICAL TERM
Topical term or geographic name as entry element FIABA MUSICALE
Relator term TV-TEATRO/DANZA [VHS]
General subdivision Codice MATERIA SPICS: 9961
9 (RLIN) 47058
700 ## - ADDED ENTRY--PERSONAL NAME
Personal name Prokofiev Sergiej
Relator term (regista)
Miscellaneous information Codice regista SPICS: 11086
9 (RLIN) 47059
700 ## - ADDED ENTRY--PERSONAL NAME
Personal name Prokofiev Sergiej
Relator term (musica)
Miscellaneous information Codice Musica SPICS: 11086
9 (RLIN) 47060
942 ## - ADDED ENTRY ELEMENTS (KOHA)
Koha item type VHS - VIDEO
Source of classification or shelving scheme Dewey Decimal Classification
Dati di copia
Withdrawn status Lost status Damaged status Not for loan Home library Current library Date acquired Total Checkouts Full call number Date last seen Price effective from Koha item type Public note
    Buone Condizioni Not For Loan SPICS-MEDIATECA SPICS-MEDIATECA 31/01/2015   C6629 31/01/2015 31/01/2015 VHS - VIDEO Progr. Ins.: 428 / N.Vol.:1 / Copie: 1 / Pag.:0 / Copia rara: n.d. / date import: 1.2.2015 / By Epidotti, Trombetti, Vaglietti
CREDITS: SOCIETA' SAN PAOLO Via A.Severo, 58 - ROMA (RM) & PERIODICI SAN PAOLO SRL Via Giotto, 36 MILANO & CISF Via Giotto, 36 MILANO & EDIZIONI SAN PAOLO SRL,  Piazza Soncino, 5 CINISELLO BALSAMO (MI) -- ITALY